000 01244nam a2200265 a 4500
001 41634
003 BD-RjUL
005 20211209053426.0
008 160604s1995 ii ||||| |||| 00| 0dben d
020 _c: Tk. 20.00
035 _a(BD-RjUL) 41752
040 _aBD-RjUL
_bben
_cBD-RjUL
041 _aeng
041 _aben
082 _223
_a294.55620924
_bROT 1995
100 1 _aরায়, রামমোহন
_9122135
245 1 0 _aতুহফাত-উল-মুআহহিদীন :
_bএকেশ্বর বিশ্বাসীদিগকে উপহার /
_cরাজা রামমোহন রায় ; মুহম্মদ আবূতালিব, সম্পাদিত
260 _aমালদা :
_bআদর্শ পুস্তকালয়,
_c১৯৯৫
300 _aবিভিন্ন পৃ. ;
_c২১ সেমি.
500 _aপরিশিষ্ট সংযুক্ত
600 _aরায়, রামমোহন
_cরাজা
_d১৭৭২-১৮৩৩
_xজীবনী
_9127894
600 _aRoy, Ram Mohun
_cRaja
_d1772-1833
_xBiography
_9127895
700 _aআবূতালিব, মুহম্ম, সম্পাদিত
_9127896
942 _2ddc
_cBK
999 _c41634
_d41634